[Event "GER-ch Net Amateur Gr-A Vor1"]
[Site "Playchess.com INT"]
[Date "2020.04.14"]
[Round "8"]
[White "Commercon, Simon"]
[Black "Quante, Lennart"]
[Result "0-1"]
[WhiteElo "2043"]
[BlackElo "1901"]
[PlyCount "75"]
[EventDate "2020.04.14"]
[EventType "swiss (blitz)"]
[EventRounds "9"]
[EventCountry "GER"]
[SourceTitle "EXT 2021"]
[Source "ChessBase"]
[SourceDate "2020.10.23"]
[SourceVersion "1"]
[SourceVersionDate "2020.10.23"]
[SourceQuality "1"]

1. d4 d5 2. Nf3 Nf6 3. c4 c6 4. Nc3 e6 5. Bg5 Be7 6. e3 0-0 7. Qc2 Nbd7 8. Bd3 dxc4 9. Bxc4 b5 10. Bd3 Bb7 11. 0-0 a6 12. a3 c5 13. Rfd1 cxd4 14. exd4 Rc8 15. Qe2 h6 16. Bh4 Nd5 17. Bxe7 Qxe7 18. Nxd5 Bxd5 19. Ne5 Rfd8 20. f4 Nxe5 21. dxe5 Bc4 22. Bxc4 Qc5+ 23. Kf1 Rxd1+ 24. Rxd1 Qxc4 25. Qxc4 Rxc4 26. g3 Rc2 27. Rd6 Rxb2 28. Rxa6 Rxh2 29. Rb6 Ra2 30. Rxb5 Rxa3 31. Kg2 g5 32. Rb4 Kg7 33. Rc4 Kg6 34. Rc7 gxf4 35. gxf4 h5 36. Rb7 h4 37. Kh2 Rf3 38. Rb4 0-1

[Event "Pfalz op-A 11th"]
[Site "Neustadt an der Weinstrasse"]
[Date "2020.02.21"]
[Round "1"]
[White "Vetoshko, Volodymyr"]
[Black "Quante, Lennart"]
[Result "1-0"]
[WhiteElo "2503"]
[BlackElo "2078"]
[PlyCount "53"]
[EventDate "2020.02.21"]
[EventType "swiss"]
[EventRounds "9"]
[EventCountry "GER"]
[SourceTitle "CBM 195 Extra"]
[Source "ChessBase"]
[SourceDate "2020.05.31"]
[SourceVersion "1"]
[SourceVersionDate "2020.05.31"]
[SourceQuality "1"]

1. e4 e5 2. Nf3 Nc6 3. Bb5 a6 4. Ba4 Nf6 5. 0-0 Be7 6. Re1 b5 7. Bb3 0-0 8. a4 d5 9. exd5 Na5 10. Ba2 e4 11. Ne5 c5 12. d4 exd3 13. Nxd3 Bb7 14. Bd2 Nc4 15. Bxc4 bxc4 16. Nf4 Nxd5 17. Nc3 Nb4 18. Rc1 Bg5 19. Qg4 f5 20. Qe2 Bxf4 21. Bxf4 Qc8 22. Qxc4+ Kh8 23. Re7 Qc6 24. f3 Rac8 25. Rd1 Rcd8 26. Rxd8 Rxd8 27. Qf7 1-0

[Event "Kiel op 31st"]
[Site "Kiel"]
[Date "2018.07.29"]
[Round "4"]
[White "Lubenow, Olaf"]
[Black "Quante, Lennart"]
[Result "0-1"]
[WhiteElo "1794"]
[BlackElo "2083"]
[PlyCount "120"]
[EventDate "2018.07.28"]
[EventType "swiss"]
[EventRounds "9"]
[EventCountry "GER"]
[SourceTitle "CBM 185 Extra"]
[Source "ChessBase"]
[SourceDate "2018.07.29"]
[SourceVersion "1"]
[SourceVersionDate "2018.07.29"]
[SourceQuality "1"]

1. e4 e5 2. Nc3 Nf6 3. g3 d5 4. exd5 Nxd5 5. Bg2 Nxc3 6. bxc3 Nc6 7. Nh3 Bc5 8. 0-0 0-0 9. d3 f6 10. Qh5 g6 11. Qh4 Bb6 12. g4 Be6 13. Kh1 Qd7 14. f3 Rf7 15. Bd2 a5 16. Be1 Ne7 17. a4 Nd5 18. Bd2 Ne3 19. Bxe3 Bxe3 20. Qe1 Bb6 21. Nf2 Bd5 22. Qb1 f5 23. g5 Raf8 24. Qb5 Bc6 25. Qc4 Bd5 26. Qb5 Qc6 27. Nh3 Re7 28. c4 Qxb5 29. axb5 Bf7 30. c5 Bxc5 31. Rxa5 Rfe8 32. Ra4 Bd5 33. Nf2 Kg7 34. f4 Bxg2+ 35. Kxg2 exf4 36. d4 Bd6 37. Nd3 Re2+ 38. Rf2 R8e3 39. Rc4 f3+ 40. Kg1 b6 41. Ne5 Re1+ 42. Rf1 Rxf1+ 43. Kxf1 Ra3 44. Kf2 Ra5 45. Kxf3 Rxb5 46. h3 Ra5 47. Rc3 Rd5 48. Rc4 b5 49. Rc3 Rxd4 50. Nc6 Rf4+ 51. Kg2 Re4 52. Kf3 b4 53. Rd3 Rc4 54. Nd4 Kf7 55. Rd2 Rc3+ 56. Rd3 Rxd3+ 57. cxd3 c5 58. Nb3 Ke6 59. Ke3 Kd5 60. Kd2 Bf4+ 0-1

[Event "GER-chT U20"]
[Site "Osnabrueck"]
[Date "2015.12.30"]
[Round "7.2"]
[White "Quante, Lennart"]
[Black "Becker, Dirk"]
[Result "0-1"]
[WhiteElo "2015"]
[BlackElo "2141"]
[PlyCount "84"]
[EventDate "2015.12.27"]
[EventType "team-swiss"]
[EventRounds "7"]
[EventCountry "GER"]
[SourceTitle "EXT 2017"]
[Source "ChessBase"]
[SourceDate "2016.10.25"]
[SourceVersion "1"]
[SourceVersionDate "2016.10.25"]
[SourceQuality "1"]
[WhiteTeam "Muenster"]
[BlackTeam "Baden-Baden"]
[WhiteTeamCountry "GER"]
[BlackTeamCountry "GER"]

1. d4 Nf6 2. c4 e6 3. Nc3 Bb4 4. Qc2 0-0 5. Nf3 c5 6. dxc5 Na6 7. g3 Nxc5 8. Bg2 b6 9. 0-0 Bb7 10. Nb5 Be4 11. Qd1 Nb7 12. Bf4 a6 13. Nd6 Bxd6 14. Bxd6 Nxd6 15. Qxd6 Qb8 16. Qxb8 Raxb8 17. Ne5 Bxg2 18. Kxg2 Rfc8 19. Rfd1 Rb7 20. Rac1 Kf8 21. Rd6 Ke7 22. Rdd1 Rbc7 23. b3 b5 24. Rb1 d6 25. Nf3 bxc4 26. bxc4 Rxc4 27. Rb6 R4c6 28. Rb7+ R8c7 29. Rdb1 Nd7 30. Nd4 Rc4 31. e3 g6 32. Rxc7 Rxc7 33. Rb2 e5 34. Nc2 Ke6 35. Ne1 Nc5 36. Nf3 f6 37. g4 a5 38. Rb5 a4 39. Ra5 Rb7 40. h4 Rb2 41. Ra7 Rxa2 42. Rxh7 Ne4 0-1

[Event "GER-chT U20"]
[Site "Osnabrueck"]
[Date "2015.12.27"]
[Round "2.2"]
[White "Quante, Lennart"]
[Black "Uksini, Bardhyl"]
[Result "0-1"]
[WhiteElo "2015"]
[BlackElo "2248"]
[PlyCount "52"]
[EventDate "2015.12.27"]
[EventType "team-swiss"]
[EventRounds "7"]
[EventCountry "GER"]
[SourceTitle "EXT 2017"]
[Source "ChessBase"]
[SourceDate "2016.10.25"]
[SourceVersion "1"]
[SourceVersionDate "2016.10.25"]
[SourceQuality "1"]
[WhiteTeam "Muenster"]
[BlackTeam "Hamburger SK"]
[WhiteTeamCountry "GER"]
[BlackTeamCountry "GER"]

1. d4 Nf6 2. c4 e6 3. Nc3 Bb4 4. Qc2 d5 5. cxd5 Qxd5 6. e3 c5 7. Bd2 Bxc3 8. Bxc3 Nc6 9. Nf3 0-0 10. Be2 cxd4 11. exd4 b6 12. 0-0 Bb7 13. Rfd1 Rac8 14. Qd3 Rfd8 15. Ne1 Qd6 16. Bf3 Nd5 17. Nc2 Rc7 18. Ne3 Nxc3 19. bxc3 Ne5 20. Qe2 Nxf3+ 21. gxf3 Rxc3 22. d5 Bxd5 23. Nxd5 exd5 24. Rac1 Rxc1 25. Rxc1 d4 26. Re1 d3 0-1